000 00588nam a22001817a 4500
999 _c14148
_d14148
003 AR-CdUCM
008 190422b ||||| |||| 00| 0 spa d
040 _aMUNICIPALIDAD PROVINCIAL DEL CUSCO
_cBIBLIOTECA MUNICIPAL DEL CUSCO
082 _aC / 985.019 /
_bS16
100 _aSahuaraura Inca Justo Apu
_932823
245 _aRecuerdo de la monarquía Peruana o bosquejo /
260 _aLima :
_bTelefónica,
_c1839.
300 _a95 páginas ;
_bimágenes.
_c31 cm.
505 _aRecuerdos de la monarquía.
650 _aCrónica.
_9637
942 _2ddc
_cLIBROS
945 _awfj
_d2019-04-22